Cómputo del plazo máximo de contratación. (Registro nro. 22630)

000 -Cabecera
Campo de control interno 01395nam a2200289 4500
001 - Número de control
control field ESSALUD
005 - Fecha y hora de la última transacción
Campo de control 20260703101056.0
007 - Tipo material - Descripcion fisica - info general
Tipo material - Descripcion fisica - info general ta
008 - Elementos de Longitud Fija - Información General
Elementos de Longitud Fija - Información t pe ||||| |||| 00| 0 spa d
040 ## - Origen de la Catalogación
Origen de la Catalogación BMG
041 ## - Idioma
Idioma spa
100 ## - Autor
Autor Tarazana Pineda, Manolo Narciso
Rol del Autor Autor
9 (RLIN) 53135
245 ## - Titulo
Titulo Cómputo del plazo máximo de contratación.
Subtitulo Modalidad de incremento de actividad
300 ## - Páginas
Paginación páginas 203-206
500 ## - Nota General
Nota General Análisis de casos
520 ## - Resumen
Resumen La contratación laboral sujeta a modalidad constituye una excepción al principio<br/>general de la contratación a plazo indeterminado, razón por la cual su aplicación<br/>exige una interpretación estricta y un cumplimiento riguroso de los límites legales<br/>establecidos. Entre dichos límites, reviste especial relevancia el correcto cómputo<br/>del plazo máximo de duración previsto para cada modalidad contractual, en particular<br/>para el contrato por incremento de actividad.<br/>
650 ## - Temas - Descriptores
Temas - Descriptores SECTOR PÚBLICO
9 (RLIN) 1012
650 ## - Temas - Descriptores
Temas - Descriptores PRESUPUESTO
650 ## - Temas - Descriptores
Temas - Descriptores INGRESOS
9 (RLIN) 53219
650 ## - Temas - Descriptores
Temas - Descriptores PLANILLA
9 (RLIN) 53220
650 ## - Temas - Descriptores
Temas - Descriptores BONIFICACIONES
9 (RLIN) 53221
650 ## - Temas - Descriptores
Temas - Descriptores SERVIDORES
9 (RLIN) 53222
650 ## - Temas - Descriptores
Temas - Descriptores FUNCIONARIOS
9 (RLIN) 53223
650 ## - Temas - Descriptores
Temas - Descriptores CONTRATACIÓN
773 0# - Revista (Relacion con el numero)
Host Biblionumber 22614
Host Itemnumber 22623
Ciudad, Editorial Lima Grupo Praxis Formación Profesional, 2026-
Codigo barras item/ejemplar PRALAB001
Titulo de la Revista Praxis Laboral & Procesal Laboral
Número de control de registro ESSALUD
ISSN 3119-768X
942 ## - Elementos de Koha
Tipo de Documento Artículos
Fecha procesamiento 2026-07-02
Catalogador SQB

No hay ítems disponibles.